000 00378nam a2200145Ia 4500
008 220120s9999||||xx |||||||||||||| ||und||
020 _a9788131700907
082 _a621.381 028 KAL
100 _aKalsi, H S
_93853
245 0 _aElectronic In rumentation
250 _a3rd
260 _aTata mc graw hill
_bNew Delhi
_c2011
300 _axvii;776+CD
_b610
650 _aMECHANICAL
999 _c132611
_d132611